Vegetables By Picture #2 - Statistics

General Stats
  • This quiz has been taken 48 times
  • The average score is 9 of 12
Answer Stats
Picture Answer % Correct
Corn
98%
Eggplant
91%
Cabbage
86%
Cucumber
81%
Bell Pepper
79%
Asparagus
77%
Zucchini
77%
Spinach
70%
Lettuce
65%
Kale
53%
Leek
44%
Jalapeño
40%
No matching quizzes found
Score Distribution
Percent of People with Each Score
Percentile by Number Answered
Your Score History
You have not taken this quiz